| 000 -LEADER |
| fixed length control field |
00541nam a22001937a 4500 |
| 008 - FIXED-LENGTH DATA ELEMENTS--GENERAL INFORMATION |
| fixed length control field |
180323b xxu||||| |||| 00| | tur d |
| 020 ## - INTERNATIONAL STANDARD BOOK NUMBER |
| International Standard Book Number |
9758950770 |
| 041 ## - LANGUAGE CODE |
| Language code of text/sound track or separate title |
Türkçe |
| 050 ## - LIBRARY OF CONGRESS CALL NUMBER |
| Classification number |
PL248.B74 |
| 100 ## - MAIN ENTRY--PERSONAL NAME |
| Personal name |
Ayvazoğlu, Beşir |
| 9 (RLIN) |
659 |
| 245 ## - TITLE STATEMENT |
| Title |
Büyük Ağa: Tarık Buğra |
| 250 ## - EDITION STATEMENT |
| Edition statement |
4. Baskı |
| 260 ## - PUBLICATION, DISTRIBUTION, ETC. |
| Place of publication, distribution, etc. |
İstanbul: |
| Name of publisher, distributor, etc. |
Kapı Yayınları, |
| Date of publication, distribution, etc. |
2011 |
| 300 ## - PHYSICAL DESCRIPTION |
| Extent |
151 Sayfa |
| 500 ## - GENERAL NOTE |
| General note |
Kapı Yayınları: 74; Beşir Ayvazoğlu Kitaplığı: 2 |
| 650 #0 - SUBJECT ADDED ENTRY--TOPICAL TERM |
| 9 (RLIN) |
145 |
| Topical term or geographic name entry element |
Türk Edebiyatı |
| 650 #0 - SUBJECT ADDED ENTRY--TOPICAL TERM |
| 9 (RLIN) |
1768 |
| Topical term or geographic name entry element |
Anı Biyografi |
| 942 ## - ADDED ENTRY ELEMENTS (KOHA) |
| Source of classification or shelving scheme |
|
| Koha item type |
Books |